Miasta z Pijalniami Czekolady Wedel na mapie - Statystyki

Ogólne statystyki
  • Ten quiz został rozwiązany 54 razy
  • Średni wynik to 19 z 23
Odpowiedzi na mapie
Odpowiedzi zakodowano w zielono-czerwonej skali na mapie do tego quizu, zgodnie z poniższymi procentami.
 
Statystyki odpowiedzi
# Miasto % Poprawnych
2 Poznań
98%
8 Warszawa
98%
1 Białystok
96%
1 Gdańsk
96%
1 Gdynia
96%
1 Kraków
96%
2 Łódź
96%
1 Sopot
96%
2 Szczecin
96%
2 Wrocław
96%
1 Katowice
94%
1 Lublin
94%
1 Zakopane
94%
1 Toruń
89%
1 Bydgoszcz
87%
1 Olsztyn
87%
1 Kielce
81%
1 Świnoujście
79%
1 Gliwice
74%
1 Zamość
70%
1 Kazimierz Dolny
36%
1 Ciechocinek
30%
1 Nałęczów
19%
Nie znaleziono quizów pasujących do podanych kryteriów
Rozkład punktacji
Procent ludzi z każdym wynikiem
Percentyl według liczby udzielonych odpowiedzi
Twoja historia wyników
Nie rozwiązałeś tego quizu